LEADER 00898cam0-2200325---450- 001 990005854660403321 005 20160422132728.0 010 $a0-88706-451-5 035 $a000585466 035 $aFED01000585466 035 $a(Aleph)000585466FED01 035 $a000585466 100 $a19990604d1988----km-y0itay50------ba 101 0 $aeng 102 $aUS 105 $a--------001yy 200 1 $aDependency syntax: theory and practice$fIgor A. Mel'cuk 210 $aNew York$cState University of New York press$d1988 215 $aXX, 428 p.$d23 cm 225 1 $aSuny$iSeries in linguistics 610 0 $aSintassi 610 0 $aLingua russa$aSintassi 676 $a415$v22$zita 700 1$aMel'cuk,$bIgor A.$0304072 801 0$aIT$bUNINA$gRICA$2UNIMARC 901 $aBK 912 $a990005854660403321 952 $a415 MEL 1A$bDip.f.m.4238$fFLFBC 959 $aFLFBC 997 $aUNINA LEADER 01987oam 2200601 450 001 9910713941603321 005 20201016091254.0 035 $a(CKB)5470000002506248 035 $a(OCoLC)682024129$z(OCoLC)624919664$z(OCoLC)667850901$z(OCoLC)974644247$z(OCoLC)1153329674 035 $a(OCoLC)995470000002506248 035 $a(EXLCZ)995470000002506248 100 $a20101117d1985 ua 0 101 0 $aeng 135 $aurbn||||||||| 181 $ctxt$2rdacontent 182 $cc$2rdamedia 183 $acr$2rdacarrier 200 10$aGeochemical controls on dissolved sodium in basalt aquifers of the Columbia Plateau, Washington /$fby P.P. Hearn [and three others] 210 1$aTacoma, Washington :$cUnited States Department of the Interior, Geological Survey,$d1985. 215 $a1 online resource (v, 38 pages) $cillustrations, maps 225 1 $aWater-resources investigations report ;$v84-4304 320 $aIncludes bibliographical references (pages 36-38). 606 $aGeochemistry$zColumbia Plateau 606 $aGroundwater$zColumbia Plateau 606 $aBasalt$zColumbia Plateau 606 $aAquifers$zColumbia Plateau 606 $aAquifers$2fast 606 $aBasalt$2fast 606 $aGeochemistry$2fast 606 $aGroundwater$2fast 607 $aUnited States$zColumbia Plateau$2fast 615 0$aGeochemistry 615 0$aGroundwater 615 0$aBasalt 615 0$aAquifers 615 7$aAquifers. 615 7$aBasalt. 615 7$aGeochemistry. 615 7$aGroundwater. 700 $aHearn$b Paul P.$01398230 712 02$aGeological Survey (U.S.), 801 0$bOCLCE 801 1$bOCLCE 801 2$bOCLCQ 801 2$bOCLCF 801 2$bOCLCO 801 2$bOCLCQ 801 2$bCOP 801 2$bGPO 906 $aBOOK 912 $a9910713941603321 996 $aGeochemical controls on dissolved sodium in basalt aquifers of the Columbia Plateau, Washington$93486307 997 $aUNINA